00388nam a2200121Ia 4500003000400000005001700004008004100021040001800062041000800080100004800088245009400136260003600230OSt20260120172944.0211028s2014 xx 000 0 und d cAIMIT LIBRARY aeng aRaikar, Sachin S; Cotha, Fr Kiran.g1216112 aAnalysis of sales and promotion: a case study with reference to Prakruti pvt ltd Ankola / aMangalorebFr Kiram Cothac2014